[Event "BUL-ch U20"]
[Site "Pleven"]
[Date "2004.02.10"]
[Round "9"]
[White "Nachkov, Emil"]
[Black "Rusimova, Krasimira"]
[Result "1-0"]
[WhiteElo "1845"]
[BlackElo "1910"]
[PlyCount "61"]
[EventDate "2004.02.10"]
[EventType "swiss"]
[EventRounds "9"]
[EventCountry "BUL"]
[SourceTitle "EXT 2005"]
[Source "ChessBase"]
[SourceDate "2004.11.15"]
[SourceVersion "1"]
[SourceVersionDate "2004.11.15"]
[SourceQuality "1"]

1. e4 e6 2. d4 d5 3. exd5 exd5 4. Nf3 Bf5 5. Bd3 Bxd3 6. Qxd3 c6 7. 0-0 Bd6 8. Be3 Nf6 9. Bg5 0-0 10. Ne5 Nbd7 11. Nxd7 Qxd7 12. Bxf6 gxf6 13. Nd2 Kh8 14. f4 Qg4 15. Rf3 Rg8 16. Qf1 Rg7 17. g3 h5 18. Qf2 h4 19. Rf1 Rag8 20. Kh1 Rh7 21. Rg1 Rhg7 22. c3 Qh5 23. Nf1 Bc7 24. Ne3 Bxf4 25. g4 Bxe3 26. Rxe3 Qh6 27. h3 Qg5 28. Rf3 Rg6 29. Rf1 Kg7 30. Rf5 Qh6 31. Rh5 1-0

[Event "BUL-ch U20"]
[Site "Pleven"]
[Date "2004.02.04"]
[Round "1"]
[White "Yordanov, Nikolay Plamenov"]
[Black "Rusimova, Krasimira"]
[Result "1-0"]
[WhiteElo "2150"]
[BlackElo "1910"]
[PlyCount "43"]
[EventDate "2004.02.10"]
[EventType "swiss"]
[EventRounds "9"]
[EventCountry "BUL"]
[SourceTitle "EXT 2005"]
[Source "ChessBase"]
[SourceDate "2004.11.15"]
[SourceVersion "1"]
[SourceVersionDate "2004.11.15"]
[SourceQuality "1"]

1. e4 e6 2. d4 d5 3. e5 c5 4. c3 Qb6 5. Nf3 Bd7 6. Be2 Bb5 7. c4 Bxc4 8. Bxc4 Qb4+ 9. Nbd2 dxc4 10. a3 Qb5 11. dxc5 Bxc5 12. 0-0 Nc6 13. Ne4 Rd8 14. Qc2 Bf8 15. Bg5 Nd4 16. Nxd4 Rxd4 17. Rad1 Rxd1 18. Rxd1 Be7 19. Bxe7 Kxe7 20. Qd2 Kf8 21. Qd6+ Ne7 22. Qb8+ 1-0